000 01339nam a2200421 c 4500
001 44193
003 ES-MaCES
005 20130930102354.0
008 130418s2013 sp 000 | spa d
017 _aAB 137-2013
_bDL
020 _a9788415000846
035 _aCES20130002338m
040 _aES-MaCES
_bspa
_cES-MaCES
100 1 _aMaría Marín, José
_917522
245 1 0 _aCostes del despido improcedente en la doctrina judicial
_cJosé Marín Marín, Fermín Gallego Moya
250 _a1ª ed
260 _aAlbacete
_bBomarzo
_c2013
300 _a92 p.
_c21 cm
490 1 _aBásicos de Derecho social
_v69
541 _cCompra
650 4 _adespido
_928352
650 4 _adespido injustificado
_929844
650 4 _aindemnización
_930642
650 4 _areintegración
_929825
650 4 _asalario de tramitación
_931701
650 4 _acontabilidad de costes
_928280
650 4 _aevaluación del impacto
_930732
650 4 _alegislación del trabajo
_927166
650 4 _areforma legislativa
_929892
650 4 _a2012
_931808
650 4 _aEspaña
_926964
650 4 _aderecho del trabajo
_927165
653 1 0 _aDerecho del trabajo y Seguridad Social
830 0 _aBásicos de Derecho social
_v69
_933978
902 _aLIB Libro
942 _2CES
_cBK
_h6.0.1.
999 _c44193
_d44193